000 01247cam a22003497a 4500
003 CHAP
005 20220329142352.0
008 001006d2000 mx r 00110 spa d
010 _a82486
011 _a83458
035 _a93971
040 _cCHAP
090 _aTesis
100 0 0 _aVillicaña Villicaña, Rigoberto.
_9119806
245 1 3 _aLa comercialización del piloncillo en la central de abastos del Distrito Federal
_c/por Rigoberto Villicaña Villicaña
260 _aChapingo, Méx. :
_bEl autor,
_c2000.
300 _a66 h.
502 _aTesis (Ing. Agr. Esp. en Economía Agrícola) -- UACH. División de Ciencias Económico Administrativas
590 _aALEPH
_b10
_c20130110
_lUCH01
_h1438
590 _aBATCH-UPD
_b10
_c20130110
_lUCH01
_h0554
590 _aBATCH-UPD
_b10
_c20130410
_lUCH01
_h0236
590 _aBATCH-UPD
_b10
_c20130914
_lUCH01
_h0837
590 _aCONVERSION
_b10
_c20130109
_lUCH01
_h1346
650 1 4 _aCaña de azúcar
_zMéxico.
_918668
650 1 4 _aPiloncillo
_xCalidad.
_988079
650 1 4 _aPiloncillo
_xMercadeo.
_988080
901 _aBK
905 _aLilia Sánchez G.
942 _cFOLL
949 _bBC
_cTES
_d33724000807145
_eTS2
_fc.2
_h37130
_i93971
_si
949 _bBC
_cTES
_d939711
_eTS1
_h37129
_i93971
_sb
999 _c82486
_d82486